Моделирование процесса приготовления высокооктановых бензинов на основе углеводородного сырья в аппаратах циркуляционного типа: автореферат диссертации на соискание ученой степени кандидата технических наук; спец. 05.17.08

Dades bibliogràfiques
Autor principal: Смышляева Ю. А. Юлия Александровна
Autor corporatiu: Национальный исследовательский Томский политехнический университет (ТПУ) (727)
Altres autors: Иванчина Э. Д. Эмилия Дмитриевна (научный руководитель)
Sumari:Заглавие с титульного экрана
Электронная версия печатной публикации
Idioma:rus
Publicat: Томск, 2011
Matèries:
Accés en línia:http://www.lib.tpu.ru/fulltext/a/2011/34.pdf
Format: MixedMaterials Electrònic Llibre
KOHA link:https://koha.lib.tpu.ru/cgi-bin/koha/opac-detail.pl?biblionumber=197031

MARC

LEADER 00000nlm0a2200000 4500
001 197031
005 20231101224729.0
035 |a (RuTPU)RU\TPU\book\214929 
035 |a RU\TPU\book\214823 
090 |a 197031 
100 |a 20110603d2011 k y0rusy50 ca 
101 0 |a rus 
102 |a RU 
105 |a a dm 000zy 
135 |a drgn ---uucaa 
181 0 |a i  
182 0 |a b 
200 1 |a Моделирование процесса приготовления высокооктановых бензинов на основе углеводородного сырья в аппаратах циркуляционного типа  |b Электронный ресурс  |e автореферат диссертации на соискание ученой степени кандидата технических наук  |e спец. 05.17.08  |f Ю. А. Смышляева  |g Национальный исследовательский Томский политехнический университет (ТПУ) ; науч. рук. Э. Д. Иванчина 
203 |a Текст  |c электронный 
210 |a Томск  |d 2011 
215 |a 1 файл (650 Кb) 
230 |a Электронные текстовые данные (1 файл : 650 Кb) 
300 |a Заглавие с титульного экрана 
300 |a Электронная версия печатной публикации 
337 |a Adobe Reader 
452 1 |0 (RuTPU)RU\TPU\book\215910  |t Моделирование процесса приготовления высокооктановых бензинов на основе углеводородного сырья в аппаратах циркуляционного типа  |o автореферат диссертации на соискание ученой степени кандидата технических наук  |o спец. 05.17.08  |f Ю. А. Смышляева  |g Национальный исследовательский Томский политехнический университет (ТПУ) ; науч. рук. Э. Д. Иванчина  |c Томск  |d 2011  |p 22 с.  |a Смышляева, Юлия Александровна 
606 1 |a Бензин высокооктановый  |x Производство  |2 stltpush  |3 (RuTPU)RU\TPU\subj\65900  |9 82243 
610 1 |a электронный ресурс 
610 1 |a авторефераты диссертаций 
610 1 |a компаундирование 
610 1 |a анализ 
610 1 |a углеводороды 
610 1 |a взаимодействие 
610 1 |a физико-химические закономерности 
610 1 |a математические модели 
610 1 |a компьютерная моделирующая система 
610 1 |a разработка 
610 1 |a практические результаты 
610 1 |a внедрение 
610 1 |a труды учёных ТПУ 
610 1 |a оптимизация 
675 |a 665.633(04)  |v 3 
686 |a 05.17.08  |2 oksvnk 
700 1 |a Смышляева  |b Ю. А.  |c ассистент  |c кафедра химической технологии топлива и химической кибернетики Томского политехнического университета  |g Юлия Александровна  |2 stltpush  |3 (RuTPU)RU\TPU\pers\25020 
702 1 |a Иванчина  |b Э. Д.  |c химик  |c профессор Томского политехнического университета  |f 1951-  |g Эмилия Дмитриевна  |2 stltpush  |3 (RuTPU)RU\TPU\pers\24966  |4 727 
712 0 2 |a Национальный исследовательский Томский политехнический университет (ТПУ)  |c (2009- )  |2 stltpush  |3 (RuTPU)RU\TPU\col\15902  |4 727 
801 2 |a RU  |b 63413507  |c 20140524  |g RCR 
856 4 |u http://www.lib.tpu.ru/fulltext/a/2011/34.pdf 
942 |c CF